The economics and management of world fisheries
Αποθηκεύτηκε σε:
| Κύριοι συγγραφείς: | , |
|---|---|
| Μορφή: | Βιβλίο |
| Γλώσσα: | Αγγλικά |
| Έκδοση: |
Oxford
Oxford University
2012
|
| Έκδοση: | 1a. ed |
| Θέματα: | |
| Ετικέτες: |
Προσθήκη ετικέτας
Δεν υπάρχουν, Καταχωρήστε ετικέτα πρώτοι!
|
MARC
| LEADER | 00000cam a2200000 a 4500 | ||
|---|---|---|---|
| 001 | UCE6687 | ||
| 003 | CL-VaPUC | ||
| 008 | 150430e20120000uk |||||||||||||||||eng|d | ||
| 020 | |a 9780199576753 | ||
| 082 | 0 | 4 | |a 338.372 |b BJO |2 21 |
| 100 | 0 | |a Bjorndal, Trond |e author |9 579292 | |
| 700 | 0 | |a Munro, Gordon R |e author |9 579293 | |
| 245 | 1 | 4 | |a The economics and management of world fisheries |
| 250 | |a 1a. ed | ||
| 300 | |a 278 p | ||
| 942 | |c BK | ||
| 945 | |d 20150430 00:23:00 |a cmena | ||
| 260 | |a Oxford |b Oxford University |c 2012 | ||
| 650 | 0 | |a Industria pesquera |9 255432 | |
| 650 | 0 | |a Aspectos económicos |9 255165 | |
| 650 | 0 | |a Recursos pesqueros |9 255431 | |
| 650 | 7 | |a CUOTAS DE PESCA |2 CL-VaPUC |9 465747 | |
| 650 | 0 | |a Planificación estratégica |9 259735 | |
| 583 | |a last modification |c 20150430 00:23:00 |k Rodrigo Vera | ||
| 999 | |c 358918 |d 358916 | ||
| 952 | |0 0 |1 0 |3 erd |4 0 |6 338_372000000000000_BJO_2012 |7 0 |8 CCM |9 467876 |a BIBCUR |b BIBCUR |i 5147050 |o 338.372 BJO 2012 |p 5147050 |r 2025-04-22 |w 2019-11-23 |y BK |z Catalogado en:20150430 |k CIM | ||
| 952 | |0 0 |1 0 |3 erd |4 0 |6 338_372000000000000_BJO_2012 |7 0 |8 CCM |9 467877 |a BIBCUR |b BIBCUR |i 5147069 |o 338.372 BJO 2012 |p 5147069 |r 2025-04-22 |w 2019-11-23 |y BK |z Catalogado en:20150430 |k CIM | ||
| 952 | |0 0 |1 0 |3 erd |4 0 |6 338_372000000000000_BJO_2012 |7 0 |8 CCM |9 467878 |a BIBCUR |b BIBCUR |i 5160618 |o 338.372 BJO 2012 |p 5160618 |r 2025-04-22 |w 2019-11-23 |y BK |z Catalogado en:20150529 |k CIM | ||